000 00758nam a2200265Ia 4500
005 20260302115032.0
008 008 260114s9999 xx 000 0 eng d
020 _a9798881812980
037 _aTextbook
040 _aCRL
040 _beng
040 _cCRL
041 _2eng
041 _aeng
084 _qCRL
100 _aEva Rask Knudsen, Ulla Rahbek
_91120505
245 0 _aIn Search of the Afropolitan Encounters, Conversations and Contemporary Diasporic African Literature
260 _bBloomsbury
260 _bRowman & Littlefield
260 _c2016
650 _aLiterary Studies
856 _uhttps://doi.org/10.5040/9798881812980?locatt=label:secondary_bloomsburyCollections
942 _cEBOOK
999 _c1684717
_d1684717